Dobrí partneri robia dobré vzťahy: Vnímanie nových členských štátov EÚ

Teoretický rámec skúmania vnímania nových členských štátov Európskej únie. Vplyv nových členov v EÚ. Kultúrny status. Obrazy spojencov pripisované novým členským krajinám EÚ.

Na minha lista:
Detalhes bibliográficos
Autor principal: Mišík, Matúš
Formato: Capítulo de Livro
Idioma:eslovaco
Assuntos:
Tags: Adicionar Tag
Sem tags, seja o primeiro a adicionar uma tag!

MARC

LEADER 00000naa a2200000 4500
001 0197460
005 20231208075801.7
041 0 |a slo 
044 |a CZ 
245 1 0 |a Dobrí partneri robia dobré vzťahy: Vnímanie nových členských štátov EÚ  |c Matúš Mišík 
520 |a Teoretický rámec skúmania vnímania nových členských štátov Európskej únie. Vplyv nových členov v EÚ. Kultúrny status. Obrazy spojencov pripisované novým členským krajinám EÚ. 
610 2 0 |a Európska únia 
610 2 0 |a rozhodovanie 
610 2 0 |a spolupráca hospodárska medzinárodná 
610 2 0 |a kultúra 
610 2 0 |a analýzy 
100 1 |a Mišík, Matúš